| 000 | 00584nam a2200205Ia 4500 | ||
|---|---|---|---|
| 005 | 20260429112141.0 | ||
| 008 | 260429s9999||||xx |||||||||||||| ||und|| | ||
| 020 | _a9781394321209 | ||
| 041 | _aEnglish | ||
| 082 |
_a343.7307 _bBAR |
||
| 100 | _aBarth, Stephen C. | ||
| 245 | 0 |
_aHospitality law : _bmanaging legal issues in the hospitality industry / _cStephen C. Barth |
|
| 250 | _a1st ed. | ||
| 260 |
_aChennai : _bWiley, _c2026. |
||
| 300 | _axv, 330 p.; pbk | ||
| 650 | _a Legal environment | ||
| 650 | _aHospitality manager | ||
| 700 | _a Barber, Diana S. | ||
| 942 | _cTB | ||
| 999 |
_c52607 _d52607 |
||